[Event "World Youth & Cadets Rapid Championships"]
[Site "Rhodes, Greece"]
[Date "2022.05.01"]
[Round "1.7"]
[White "Ribeiro, Gustavo"]
[Black "Trushko, Andrii"]
[Result "0-1"]
[TimeControl "10'/game & 5\"/move"]
[WhiteElo "1758"]
[BlackElo "2065"]

1. c4 {[%clk 00:10:08]} {[%emt 00:00:01]} c6 {[%clk 00:10:09]} {[%emt
00:00:02]} 2. e4 {[%clk 00:10:11]} {[%emt 00:00:02]} d5 {[%clk 00:10:12]}
{[%emt 00:00:01]} 3. exd5 {[%clk 00:10:15]} {[%emt 00:00:02]} cxd5 {[%clk
00:10:16]} {[%emt 00:00:01]} 4. cxd5 {[%clk 00:10:19]} {[%emt 00:00:01]} Qxd5
{[%clk 00:10:19]} {[%emt 00:00:02]} 5. Nc3 {[%clk 00:10:22]} {[%emt 00:00:02]}
Qd8 {[%clk 00:10:22]} {[%emt 00:00:02]} 6. Nf3 {[%clk 00:10:18]} {[%emt
00:00:09]} Nf6 {[%clk 00:10:25]} {[%emt 00:00:02]} 7. d4 {[%clk 00:10:14]}
{[%emt 00:00:08]} g6 {[%clk 00:10:28]} {[%emt 00:00:02]} 8. Bc4 {[%clk
00:10:06]} {[%emt 00:00:13]} Bg7 {[%clk 00:10:29]} {[%emt 00:00:04]} 9. O-O
{[%clk 00:10:05]} {[%emt 00:00:07]} O-O {[%clk 00:10:31]} {[%emt 00:00:02]} 10.
Ne5 {[%clk 00:09:39]} {[%emt 00:00:32]} e6 {[%clk 00:10:05]} {[%emt 00:00:32]}
11. Be3 {[%clk 00:09:33]} {[%emt 00:00:10]} Nbd7 {[%clk 00:10:04]} {[%emt
00:00:06]} 12. Qd2 {[%clk 00:09:04]} {[%emt 00:00:34]} a6 {[%clk 00:08:11]}
{[%emt 00:01:57]} 13. Nxd7 {[%clk 00:07:33]} {[%emt 00:01:37]} Bxd7 {[%clk
00:07:43]} {[%emt 00:00:34]} 14. d5 {[%clk 00:06:30]} {[%emt 00:01:07]} Rc8
{[%clk 00:07:32]} {[%emt 00:00:16]} 15. Bb3 {[%clk 00:04:46]} {[%emt 00:01:50]}
exd5 {[%clk 00:07:35]} {[%emt 00:00:02]} 16. Nxd5 {[%clk 00:04:44]} {[%emt
00:00:07]} Bc6 {[%clk 00:07:15]} {[%emt 00:00:25]} 17. Nxf6+ {[%clk 00:03:13]}
{[%emt 00:01:36]} Qxf6 {[%clk 00:07:18]} {[%emt 00:00:01]} 18. Bc5 {[%clk
00:02:01]} {[%emt 00:01:16]} Rfd8 {[%clk 00:07:12]} {[%emt 00:00:12]} 19. Qe3
{[%clk 00:02:03]} {[%emt 00:00:03]} Re8 {[%clk 00:06:30]} {[%emt 00:00:47]} 20.
Qh3 {[%clk 00:01:38]} {[%emt 00:00:30]} Bb5 {[%clk 00:06:19]} {[%emt 00:00:15]}
21. Bb4 {[%clk 00:01:03]} {[%emt 00:00:41]} Bxf1 {[%clk 00:05:56]} {[%emt
00:00:27]} 22. Rxf1 {[%clk 00:01:06]} {[%emt 00:00:02]} Qxb2 {[%clk 00:05:54]}
{[%emt 00:00:08]} 23. Qd7 {[%clk 00:00:40]} {[%emt 00:00:31]} Qf6 {[%clk
00:05:50]} {[%emt 00:00:09]} 24. Qxb7 {[%emt 00:00:14]} Rb8 {[%clk 00:05:52]}
{[%emt 00:00:02]} 25. Qd7 {[%clk 00:00:36]} {[%emt 00:00:01]} Red8 {[%clk
00:05:55]} {[%emt 00:00:02]} 26. Qa4 {[%clk 00:00:39]} {[%emt 00:00:02]} Rd4
{[%clk 00:04:50]} {[%emt 00:01:10]} 27. a3 {[%clk 00:00:17]} {[%emt 00:00:28]}
Bf8 {[%clk 00:04:50]} {[%emt 00:00:04]} 28. Ba2 {[%clk 00:00:08]} {[%emt
00:00:13]} Bxb4 {[%clk 00:04:50]} {[%emt 00:00:06]} 29. axb4 {[%clk 00:00:12]}
{[%emt 00:00:02]} Rdxb4 {[%clk 00:04:51]} {[%emt 00:00:03]} 30. Qd7 {[%clk
00:00:16]} Rb2 {[%clk 00:04:53]} {[%emt 00:00:03]} 31. Bc4 {[%clk 00:00:19]}
{[%emt 00:00:02]} Kg7 {[%clk 00:04:48]} {[%emt 00:00:09]} 32. Qa7 {[%clk
00:00:16]} {[%emt 00:00:09]} R8b6 {[%clk 00:04:42]} {[%emt 00:00:11]} 33. g3
{[%clk 00:00:14]} {[%emt 00:00:06]} Rb1 {[%clk 00:04:40]} {[%emt 00:00:08]} 34.
Rxb1 {[%clk 00:00:11]} {[%emt 00:00:08]} Rxb1+ {[%clk 00:04:44]} 35. Kg2 {[%clk
00:00:16]} {[%emt 00:00:01]} Qc6+ {[%clk 00:04:46]} {[%emt 00:00:03]} 0-1

[Event "World Youth & Cadets Rapid Championships"]
[Site "Rhodes, Greece"]
[Date "2022.05.01"]
[Round "1.8"]
[White "Pidluznij, Gleb"]
[Black "Tomasjan, Samuel"]
[Result "1-0"]
[TimeControl "10'/game & 5\"/move"]
[WhiteElo "2051"]
[BlackElo "1741"]

1. d4 {[%clk 00:10:09]} {[%emt 00:00:01]} e6 {[%clk 00:10:08]} {[%emt
00:00:01]} 2. e4 {[%clk 00:10:07]} {[%emt 00:00:08]} d5 {[%clk 00:10:13]}
{[%emt 00:00:01]} 3. Nd2 {[%clk 00:10:10]} {[%emt 00:00:01]} dxe4 {[%clk
00:10:17]} {[%emt 00:00:01]} 4. Nxe4 {[%clk 00:10:13]} {[%emt 00:00:02]} Nd7
{[%clk 00:10:21]} {[%emt 00:00:01]} 5. Nf3 {[%clk 00:10:14]} {[%emt 00:00:04]}
Ngf6 {[%clk 00:10:25]} 6. Nxf6+ {[%clk 00:10:11]} {[%emt 00:00:08]} Nxf6 {[%clk
00:10:29]} {[%emt 00:00:01]} 7. Bd3 {[%clk 00:09:56]} {[%emt 00:00:20]} Be7
{[%clk 00:10:19]} {[%emt 00:00:14]} 8. O-O {[%clk 00:09:59]} {[%emt 00:00:03]}
O-O {[%clk 00:10:19]} {[%emt 00:00:05]} 9. Qe2 {[%clk 00:09:41]} {[%emt
00:00:23]} b6 {[%clk 00:09:50]} {[%emt 00:00:33]} 10. Rd1 {[%clk 00:09:16]}
{[%emt 00:00:31]} Bb7 {[%clk 00:09:46]} {[%emt 00:00:10]} 11. h3 {[%clk
00:09:17]} {[%emt 00:00:03]} h6 {[%clk 00:08:44]} {[%emt 00:01:07]} 12. c4
{[%clk 00:08:25]} {[%emt 00:00:57]} Kh8 {[%clk 00:08:14]} {[%emt 00:00:34]} 13.
Bc2 {[%clk 00:08:16]} {[%emt 00:00:14]} Qd6 {[%clk 00:07:24]} {[%emt 00:00:55]}
14. b3 {[%clk 00:07:48]} {[%emt 00:00:34]} Rad8 {[%clk 00:06:34]} {[%emt
00:00:55]} 15. Bb2 {[%clk 00:07:37]} {[%emt 00:00:17]} c5 {[%clk 00:04:38]}
{[%emt 00:02:00]} 16. dxc5 {[%clk 00:07:27]} {[%emt 00:00:15]} Qxc5 {[%clk
00:04:30]} {[%emt 00:00:13]} 17. Ne5 {[%clk 00:07:18]} {[%emt 00:00:13]} Bd6
{[%clk 00:03:36]} {[%emt 00:00:59]} 18. Qe3 {[%clk 00:03:48]} {[%emt 00:03:35]}
Qc7 {[%clk 00:01:58]} {[%emt 00:01:44]} 19. Rd2 {[%clk 00:03:05]} {[%emt
00:00:47]} Bc5 {[%clk 00:01:29]} {[%emt 00:00:34]} 20. Bd4 {[%clk 00:02:53]}
{[%emt 00:00:17]} Bxd4 {[%clk 00:00:21]} {[%emt 00:01:14]} 21. Rxd4 {[%clk
00:02:57]} {[%emt 00:00:01]} Kg8 {[%clk 00:00:08]} {[%emt 00:00:18]} 22. Rad1
{[%clk 00:02:41]} {[%emt 00:00:21]} Rxd4 {[%emt 00:00:07]} 23. Qxd4 {[%clk
00:02:40]} {[%emt 00:00:04]} Re8 {[%clk 00:00:07]} {[%emt 00:00:06]} 24. Qd6
{[%clk 00:01:45]} {[%emt 00:00:59]} Rc8 {[%clk 00:00:10]} {[%emt 00:00:03]} 25.
Qxc7 {[%clk 00:01:45]} {[%emt 00:00:05]} Rxc7 {[%clk 00:00:14]} {[%emt
00:00:01]} 26. Rd8+ {[%clk 00:01:46]} {[%emt 00:00:04]} 1-0

[Event "World Youth & Cadets Rapid Championships"]
[Site "Rhodes, Greece"]
[Date "2022.05.01"]
[Round "1.9"]
[White "Kos, Nikola"]
[Black "Hagner, Bennet"]
[Result "0-1"]
[TimeControl "10'/game & 5\"/move"]
[WhiteElo "1488"]
[BlackElo "2186"]

1. e4 {[%clk 00:10:09]} {[%emt 00:00:01]} e5 {[%clk 00:10:09]} {[%emt
00:00:02]} 2. Nf3 {[%clk 00:10:12]} {[%emt 00:00:01]} Nc6 {[%clk 00:10:12]}
{[%emt 00:00:01]} 3. d4 {[%clk 00:10:16]} exd4 {[%clk 00:10:16]} {[%emt
00:00:02]} 4. Bc4 {[%clk 00:10:20]} {[%emt 00:00:01]} Nf6 {[%clk 00:10:18]} 5.
e5 {[%clk 00:10:24]} {[%emt 00:00:04]} d5 {[%clk 00:10:20]} 6. Bb5 {[%clk
00:10:28]} {[%emt 00:00:04]} Ne4 {[%clk 00:10:24]} {[%emt 00:00:01]} 7. Nxd4
{[%clk 00:10:32]} {[%emt 00:00:02]} Bc5 {[%clk 00:10:14]} {[%emt 00:00:14]} 8.
O-O {[%clk 00:10:12]} {[%emt 00:00:25]} O-O {[%clk 00:09:59]} {[%emt 00:00:20]}
9. Nxc6 {[%clk 00:09:52]} {[%emt 00:00:26]} bxc6 {[%clk 00:09:58]} {[%emt
00:00:06]} 10. Bxc6 {[%clk 00:09:44]} {[%emt 00:00:12]} Ba6 {[%clk 00:09:16]}
{[%emt 00:00:46]} 11. Be3 {[%clk 00:07:50]} {[%emt 00:02:00]} Bxe3 {[%clk
00:07:43]} {[%emt 00:01:39]} 12. fxe3 {[%clk 00:07:41]} {[%emt 00:00:13]} Bxf1
{[%clk 00:06:44]} {[%emt 00:01:04]} 13. Kxf1 {[%clk 00:04:37]} {[%emt
00:03:09]} Qh4 {[%clk 00:05:49]} {[%emt 00:01:00]} 14. Qe1 {[%clk 00:02:34]}
{[%emt 00:02:08]} Qxh2 {[%clk 00:05:14]} {[%emt 00:00:39]} 15. Bxa8 {[%clk
00:02:09]} {[%emt 00:00:31]} Rxa8 {[%clk 00:04:08]} {[%emt 00:01:11]} 16. Nc3
{[%clk 00:01:51]} {[%emt 00:00:23]} Qh1+ {[%clk 00:03:40]} {[%emt 00:00:33]} 17.
Ke2 {[%clk 00:01:54]} {[%emt 00:00:01]} Qxg2+ {[%clk 00:03:41]} {[%emt
00:00:04]} 18. Kd1 {[%clk 00:01:10]} {[%emt 00:00:49]} Nf2+ {[%clk 00:02:39]}
19. Kc1 {[%clk 00:00:57]} {[%emt 00:01:26]} h5 {[%emt 00:01:00]} 20. Ne2 {[%clk
00:00:30]} {[%emt 00:00:02]} h4 {[%clk 00:02:03]} {[%emt 00:00:16]} 21. Nf4
{[%clk 00:00:20]} {[%emt 00:00:15]} Qf3 {[%clk 00:01:47]} 22. Qe2 {[%clk
00:00:13]} {[%emt 00:00:33]} Qh1+ {[%clk 00:01:35]} 23. Kd2 {[%clk 00:00:17]}
{[%emt 00:00:18]} Ne4+ {[%emt 00:00:06]} 24. Kd3 Qxa1 {[%clk 00:01:32]} {[%emt
00:00:07]} 25. Nh5 {[%clk 00:00:21]} {[%emt 00:00:05]} Qxb2 {[%clk 00:01:25]}
{[%emt 00:00:13]} 26. Qg4 {[%clk 00:00:10]} {[%emt 00:00:16]} Qb5+ {[%clk
00:01:28]} {[%emt 00:00:02]} 0-1

[Event "World Youth & Cadets Rapid Championships"]
[Site "Rhodes, Greece"]
[Date "2022.05.01"]
[Round "1.10"]
[White "Seemann, Jakub"]
[Black "Soojay, Jorah"]
[Result "1-0"]
[TimeControl "10'/game & 5\"/move"]
[WhiteElo "1984"]
[BlackElo "1477"]

1. d4 {[%clk 00:10:07]} {[%emt 00:00:02]} d5 {[%clk 00:10:08]} {[%emt
00:00:02]} 2. c4 {[%clk 00:10:10]} {[%emt 00:00:02]} e6 {[%clk 00:10:12]}
{[%emt 00:00:01]} 3. Nf3 {[%clk 00:10:12]} {[%emt 00:00:03]} Nf6 {[%clk
00:10:14]} {[%emt 00:00:03]} 4. g3 {[%clk 00:10:13]} {[%emt 00:00:04]} dxc4
{[%clk 00:10:11]} {[%emt 00:00:08]} 5. Bg2 {[%clk 00:10:16]} {[%emt 00:00:02]}
Nc6 {[%clk 00:10:05]} {[%emt 00:00:11]} 6. O-O {[%clk 00:09:53]} {[%emt
00:00:27]} a6 {[%clk 00:10:07]} {[%emt 00:00:05]} 7. e3 {[%clk 00:09:48]}
{[%emt 00:00:09]} Bd6 {[%clk 00:09:05]} {[%emt 00:01:07]} 8. Nbd2 {[%clk
00:09:22]} {[%emt 00:00:31]} O-O {[%clk 00:08:37]} {[%emt 00:00:32]} 9. Nxc4
{[%clk 00:09:23]} {[%emt 00:00:04]} h6 {[%clk 00:08:21]} {[%emt 00:00:21]} 10.
Re1 {[%clk 00:09:10]} {[%emt 00:00:19]} Rb8 {[%clk 00:07:02]} {[%emt 00:01:24]}
11. e4 {[%clk 00:09:09]} {[%emt 00:00:06]} Bb4 {[%clk 00:06:38]} {[%emt
00:00:28]} 12. Bd2 {[%clk 00:08:06]} {[%emt 00:01:09]} Bxd2 {[%clk 00:06:05]}
{[%emt 00:00:38]} 13. Qxd2 {[%clk 00:08:09]} {[%emt 00:00:02]} b5 {[%clk
00:05:53]} {[%emt 00:00:16]} 14. Nce5 {[%clk 00:08:10]} {[%emt 00:00:04]} Bb7
{[%clk 00:05:49]} {[%emt 00:00:10]} 15. Rac1 {[%clk 00:08:03]} {[%emt
00:00:10]} Nxe5 {[%clk 00:05:35]} {[%emt 00:00:21]} 16. Nxe5 {[%clk 00:08:05]}
{[%emt 00:00:02]} Qd6 {[%clk 00:05:07]} {[%emt 00:00:34]} 17. Qe3 {[%clk
00:08:04]} {[%emt 00:00:07]} Nd7 {[%clk 00:04:59]} {[%emt 00:00:12]} 18. Nd3
{[%clk 00:07:53]} {[%emt 00:00:16]} Nb6 {[%clk 00:04:58]} {[%emt 00:00:06]} 19.
Nc5 {[%clk 00:07:28]} {[%emt 00:00:30]} Qe7 {[%clk 00:04:45]} {[%emt 00:00:18]}
20. b3 {[%clk 00:07:21]} {[%emt 00:00:13]} Nd7 {[%clk 00:04:23]} {[%emt
00:00:27]} 21. Nd3 {[%clk 00:07:14]} {[%emt 00:00:09]} Nb6 {[%clk 00:04:17]}
{[%emt 00:00:13]} 22. Rc2 {[%clk 00:07:10]} {[%emt 00:00:10]} Rfc8 {[%clk
00:04:03]} {[%emt 00:00:19]} 23. Rec1 {[%clk 00:07:08]} {[%emt 00:00:05]} f6
{[%clk 00:03:09]} {[%emt 00:01:01]} 24. Nc5 {[%clk 00:06:45]} {[%emt 00:00:27]}
Qf7 {[%clk 00:02:53]} {[%emt 00:00:22]} 25. Bh3 {[%clk 00:06:37]} {[%emt
00:00:12]} f5 {[%clk 00:02:19]} {[%emt 00:00:40]} 26. Qf4 {[%clk 00:05:56]}
{[%emt 00:00:45]} Nd7 {[%clk 00:01:55]} {[%emt 00:00:29]} 27. exf5 {[%clk
00:05:31]} {[%emt 00:00:30]} Nxc5 {[%clk 00:01:41]} {[%emt 00:00:19]} 28. Rxc5
{[%clk 00:05:31]} {[%emt 00:00:05]} exf5 {[%clk 00:01:28]} {[%emt 00:00:18]} 29.
Rxf5 {[%clk 00:05:04]} {[%emt 00:00:31]} Qg6 {[%clk 00:01:22]} {[%emt
00:00:11]} 30. Rxc7 {[%clk 00:04:47]} {[%emt 00:00:24]} Re8 {[%clk 00:00:58]}
{[%emt 00:00:28]} 31. Re5 {[%clk 00:03:03]} {[%emt 00:01:47]} Rec8 {[%clk
00:00:26]} {[%emt 00:00:39]} 32. Bxc8 {[%clk 00:02:59]} {[%emt 00:00:10]} Rxc8
{[%clk 00:00:11]} {[%emt 00:00:20]} 33. Rxb7 {[%clk 00:02:53]} {[%emt
00:00:10]} Qc6 {[%clk 00:00:07]} {[%emt 00:00:10]} 34. Qf7+ {[%clk 00:02:56]}
{[%emt 00:00:04]} 1-0

[Event "World Youth & Cadets Rapid Championships"]
[Site "Rhodes, Greece"]
[Date "2022.05.01"]
[Round "1.11"]
[White "Whelan, Joseph"]
[Black "Morkunas, Gustas"]
[Result "0-1"]
[TimeControl "10'/game & 5\"/move"]
[WhiteElo "1417"]
[BlackElo "1955"]

1. d4 {[%clk 00:10:08]} Nf6 {[%clk 00:10:07]} {[%emt 00:00:04]} 2. Bf4 {[%clk
00:10:10]} {[%emt 00:00:03]} g6 {[%clk 00:10:11]} {[%emt 00:00:01]} 3. e3
{[%clk 00:10:14]} {[%emt 00:00:02]} Bg7 {[%clk 00:10:14]} {[%emt 00:00:01]} 4.
c3 {[%clk 00:10:15]} {[%emt 00:00:03]} O-O {[%clk 00:10:15]} {[%emt 00:00:05]}
5. Nf3 {[%clk 00:10:17]} {[%emt 00:00:03]} d6 {[%clk 00:10:18]} {[%emt
00:00:02]} 6. Nbd2 {[%clk 00:10:17]} {[%emt 00:00:05]} Nbd7 {[%clk 00:10:21]}
{[%emt 00:00:02]} 7. Bd3 {[%clk 00:10:15]} {[%emt 00:00:08]} b6 {[%clk
00:10:13]} {[%emt 00:00:13]} 8. h4 {[%clk 00:10:12]} {[%emt 00:00:08]} h5
{[%clk 00:09:50]} {[%emt 00:00:27]} 9. Nh2 {[%clk 00:10:00]} {[%emt 00:00:17]}
Bb7 {[%clk 00:09:37]} {[%emt 00:00:19]} 10. Ndf3 {[%clk 00:09:56]} {[%emt
00:00:08]} Qe8 {[%clk 00:09:07]} {[%emt 00:00:36]} 11. Bg5 {[%clk 00:09:27]}
{[%emt 00:00:33]} e5 {[%clk 00:08:52]} {[%emt 00:00:20]} 12. dxe5 {[%clk
00:09:30]} {[%emt 00:00:03]} dxe5 {[%clk 00:08:53]} {[%emt 00:00:04]} 13. Bc2
{[%clk 00:09:03]} {[%emt 00:00:31]} Rd8 {[%clk 00:07:56]} {[%emt 00:01:02]} 14.
Qe2 {[%clk 00:08:36]} {[%emt 00:00:32]} Nc5 {[%clk 00:06:30]} {[%emt 00:01:31]}
15. O-O {[%clk 00:08:15]} {[%emt 00:00:27]} Ba6 {[%clk 00:05:57]} {[%emt
00:00:37]} 16. c4 {[%clk 00:07:58]} {[%emt 00:00:22]} Qe6 {[%clk 00:05:44]}
{[%emt 00:00:18]} 17. b3 {[%clk 00:07:32]} {[%emt 00:00:31]} Bb7 {[%clk
00:05:14]} {[%emt 00:00:35]} 18. Nd2 {[%clk 00:07:12]} {[%emt 00:00:25]} a5
{[%clk 00:05:03]} {[%emt 00:00:17]} 19. f4 {[%clk 00:06:34]} {[%emt 00:00:42]}
exf4 {[%clk 00:04:37]} {[%emt 00:00:32]} 20. Rxf4 {[%clk 00:06:25]} {[%emt
00:00:13]} Rxd2 {[%clk 00:04:12]} {[%emt 00:00:30]} 21. Qxd2 {[%clk 00:06:23]}
{[%emt 00:00:07]} Nfe4 {[%clk 00:04:15]} {[%emt 00:00:02]} 22. Bxe4 {[%clk
00:06:18]} {[%emt 00:00:09]} Nxe4 {[%clk 00:04:17]} {[%emt 00:00:05]} 23. Qc1
{[%clk 00:06:08]} {[%emt 00:00:12]} Bxa1 {[%clk 00:04:00]} {[%emt 00:00:25]} 24.
Qxa1 {[%clk 00:06:11]} {[%emt 00:00:02]} Nxg5 {[%clk 00:04:03]} {[%emt
00:00:02]} 25. hxg5 {[%clk 00:06:07]} {[%emt 00:00:08]} Qxe3+ {[%clk 00:04:06]}
{[%emt 00:00:02]} 26. Rf2 {[%clk 00:06:06]} {[%emt 00:00:05]} Qxg5 {[%clk
00:04:05]} {[%emt 00:00:07]} 27. Qd4 {[%clk 00:05:47]} {[%emt 00:00:23]} Rd8
{[%clk 00:03:48]} {[%emt 00:00:23]} 28. Qf4 {[%clk 00:05:03]} {[%emt 00:00:46]}
Rd1+ {[%clk 00:03:33]} {[%emt 00:00:23]} 29. Nf1 {[%clk 00:05:05]} {[%emt
00:00:03]} Qxf4 {[%clk 00:03:32]} {[%emt 00:00:06]} 30. Rxf4 {[%clk 00:05:09]}
{[%emt 00:00:01]} f5 {[%clk 00:03:05]} {[%emt 00:00:33]} 31. Kf2 {[%clk
00:05:10]} {[%emt 00:00:04]} Ra1 {[%clk 00:03:02]} {[%emt 00:00:08]} 32. Nd2
{[%clk 00:04:51]} {[%emt 00:00:23]} Rxa2 {[%clk 00:03:03]} {[%emt 00:00:04]} 33.
Rd4 {[%clk 00:04:54]} {[%emt 00:00:02]} Kf7 {[%clk 00:02:56]} {[%emt 00:00:12]}
34. Kg3 {[%clk 00:04:49]} {[%emt 00:00:10]} Ke7 {[%emt 00:00:20]} 35. Rd3
{[%emt 00:00:08]} a4 {[%clk 00:02:33]} {[%emt 00:00:17]} 36. Re3+ {[%clk
00:04:26]} {[%emt 00:00:20]} Kf6 {[%clk 00:02:29]} {[%emt 00:00:10]} 37. Rd3
{[%clk 00:04:20]} {[%emt 00:00:10]} axb3 {[%clk 00:02:23]} {[%emt 00:00:12]} 38.
Nxb3 {[%clk 00:04:19]} {[%emt 00:00:05]} Rxg2+ {[%clk 00:02:26]} {[%emt
00:00:03]} 39. Kh3 {[%clk 00:04:18]} {[%emt 00:00:06]} g5 {[%clk 00:02:28]}
{[%emt 00:00:03]} 40. Rg3 {[%clk 00:04:11]} {[%emt 00:00:12]} g4+ {[%clk
00:02:32]} {[%emt 00:00:02]} 41. Kh4 {[%clk 00:04:10]} {[%emt 00:00:05]} Rh2+
{[%clk 00:10:05]} {[%emt 00:00:14]} 0-1

[Event "World Youth & Cadets Rapid Championships"]
[Site "Rhodes, Greece"]
[Date "2022.05.01"]
[Round "1.12"]
[White "Podolskyi, Mykhailo"]
[Black "Pallum, Rasmus"]
[Result "1-0"]
[TimeControl "10'/game & 5\"/move"]
[WhiteElo "1948"]
[BlackElo "1407"]

1. d4 {[%clk 00:10:03]} {[%emt 00:00:06]} d5 {[%clk 00:10:07]} {[%emt
00:00:03]} 2. c4 {[%clk 00:10:00]} {[%emt 00:00:08]} c6 {[%clk 00:10:09]}
{[%emt 00:00:03]} 3. Nc3 {[%clk 00:09:53]} {[%emt 00:00:12]} Nf6 {[%clk
00:10:01]} {[%emt 00:00:12]} 4. e3 {[%clk 00:09:56]} {[%emt 00:00:03]} a6
{[%clk 00:10:00]} {[%emt 00:00:06]} 5. Nf3 {[%clk 00:09:08]} {[%emt 00:00:52]}
b5 {[%clk 00:08:52]} {[%emt 00:01:14]} 6. b3 {[%clk 00:08:37]} {[%emt
00:00:37]} e6 {[%clk 00:07:59]} {[%emt 00:00:57]} 7. Bd3 {[%clk 00:07:06]}
{[%emt 00:01:36]} Bd6 {[%clk 00:06:46]} {[%emt 00:01:18]} 8. O-O {[%clk
00:06:35]} {[%emt 00:00:37]} O-O {[%clk 00:06:34]} {[%emt 00:00:15]} 9. Qc2
{[%clk 00:06:11]} {[%emt 00:00:30]} Nbd7 {[%clk 00:05:05]} {[%emt 00:01:34]} 10.
e4 {[%clk 00:05:21]} {[%emt 00:00:55]} dxc4 {[%clk 00:03:34]} {[%emt 00:01:37]}
11. bxc4 {[%clk 00:05:12]} {[%emt 00:00:13]} e5 {[%clk 00:03:34]} {[%emt
00:00:05]} 12. Be3 {[%clk 00:01:23]} {[%emt 00:03:54]} b4 {[%clk 00:02:32]}
{[%emt 00:01:07]} 13. Ne2 {[%clk 00:01:10]} {[%emt 00:00:18]} exd4 {[%clk
00:02:18]} {[%emt 00:00:20]} 14. Nexd4 {[%clk 00:01:00]} {[%emt 00:00:15]} Ne5
{[%clk 00:01:44]} {[%emt 00:00:39]} 15. Rad1 {[%clk 00:00:25]} {[%emt
00:00:39]} c5 {[%clk 00:01:29]} {[%emt 00:00:20]} 16. Nxe5 {[%clk 00:00:18]}
{[%emt 00:00:12]} Bxe5 {[%clk 00:00:58]} {[%emt 00:00:36]} 17. Nf3 {[%clk
00:00:22]} {[%emt 00:00:02]} Qc7 {[%clk 00:00:42]} {[%emt 00:00:20]} 18. Nxe5
{[%clk 00:00:24]} {[%emt 00:00:03]} Qxe5 {[%clk 00:00:45]} {[%emt 00:00:02]} 19.
h3 {[%clk 00:00:22]} {[%emt 00:00:07]} Bb7 {[%clk 00:00:38]} {[%emt 00:00:12]}
20. f4 {[%clk 00:00:18]} {[%emt 00:00:10]} Qc7 {[%clk 00:00:35]} {[%emt
00:00:07]} 21. e5 {[%clk 00:00:22]} {[%emt 00:00:02]} Nd7 {[%clk 00:00:25]}
{[%emt 00:00:15]} 22. Bxh7+ {[%clk 00:00:22]} {[%emt 00:00:04]} Kh8 {[%clk
00:00:29]} {[%emt 00:00:01]} 23. Be4 {[%clk 00:00:24]} {[%emt 00:00:03]} Ra7
{[%clk 00:00:11]} {[%emt 00:00:23]} 24. Bxb7 {[%clk 00:00:23]} {[%emt
00:00:06]} Rxb7 {[%clk 00:00:15]} {[%emt 00:00:02]} 25. Rd6 {[%clk 00:00:17]}
{[%emt 00:00:10]} Rb6 {[%clk 00:00:11]} {[%emt 00:00:09]} 26. Rfd1 {[%clk
00:00:19]} {[%emt 00:00:03]} Rxd6 {[%clk 00:00:11]} {[%emt 00:00:06]} 27. Rxd6
{[%clk 00:00:22]} {[%emt 00:00:01]} a5 {[%clk 00:00:13]} {[%emt 00:00:03]} 28.
Qa4 {[%clk 00:00:09]} {[%emt 00:00:19]} Nb6 {[%clk 00:00:08]} {[%emt 00:00:10]}
29. Qb5 {[%clk 00:00:12]} {[%emt 00:00:01]} Rb8 {[%clk 00:00:08]} {[%emt
00:00:05]} 30. Rc6 {[%clk 00:00:10]} {[%emt 00:00:07]} Qa7 {[%clk 00:00:06]}
{[%emt 00:00:08]} 31. Qxc5 {[%clk 00:00:09]} {[%emt 00:00:05]} 1-0